000 00565nam a2200169 a 4500
008 120416s1986 ||||||||||||||||| || u
050 _aHD 4145 Cur
100 _aCurwen, Peter J
245 1 0 _aPublic enterprise
246 _aa modern approach
260 _aBrighton
_bWheatsheaf
_c1986
300 _axvii, 318p. : ill.
350 _a0.00
650 0 _aBUSINESS
650 7 _aBUSINESS ENTERPRISES
_2fast
995 _D0.00
_FCBU-MAIN LIBRARY (Kitwe)
_H1
_I25.70
_M1
_UAVAILABLE
_ZAnnex Low-Usage Collection
999 _c55267
_d55267